| 000 | 00581nam 22001933 4500 | ||
|---|---|---|---|
| 001 | 198926 | ||
| 090 | _a198926 | ||
| 100 | _a20251110d u||y0pory50 ba | ||
| 200 |
_aFreud : estudo crítico da psicanálise _fRudolf Allers _gtradução Eduardo Pinheiro |
||
| 210 |
_aPorto _cTavares Martins _d1979 |
||
| 215 |
_a339, [5] p. _cbrochado _d21 cm |
||
| 225 | _aFilosofia e religião | ||
| 606 |
_933 _aPsicologia |
||
| 675 |
_a159.9 _vPT _zpor |
||
| 700 |
_914833 _a Allers _bRudolf _f1883-1963 |
||
| 702 |
_914834 _aPinheiro _bEduardo |
||
| 801 |
_aPT _bBMMN _gRPC |
||
| 830 | _cVanda | ||
| 990 | _cLIVROS | ||